| 000 | 00374nam a22001577a 4500 | ||
|---|---|---|---|
| 003 | NUST | ||
| 020 | _a9781108727341 | ||
| 038 | _aAsim Zubair | ||
| 082 |
_a570.15195 _bLEP |
||
| 100 |
_aLeps ,Jan & Smilauer Petr _991974 |
||
| 245 | _aBiostatistics With R | ||
| 260 |
_aUK, _bCambridge, _c2020. |
||
| 300 |
_axvii, 365p. _c24cm. |
||
| 563 | _aPaperback. | ||
| 942 |
_2ddc _cBK |
||
| 999 |
_c590086 _d590086 |
||